00767nam a2200205Ia 450000500170000000800410001702000180005804000180007604100080009408200220010210000160012424501450014025000120028526000560029730000290035365000670038265000690044970000210051870000220053920220713153142.0210716s2012 xx 000 0 und d a9789381269237 cAIMIT LIBRARY aeng a005.448 21bHWAK aHwang, Kai. aDistributed and cloud computing :bfrom parallel processing to the internet of things /cBy Kai Hwang, Geoffrey C. Fox and Jack J. Dongarra. a1st ed. aNew Delhi :bReed Elsevier India Pvt Ltd. ,c2012 . axxi, 648p. ;bPBc24 cm. aComputing clouds service oriented architecture and programming aVirtual machines and virtualization of clusters and data centers aFox, Geoffrey C. aDongarra, Jack J.